Tears for Fears - All Songs - Statistics

General Stats
  • This quiz has been taken 73 times
  • The average score is 38 of 124
Answer Stats
Album Answer % Correct
Songs from the Big Chair Everybody Wants to Rule the World
98%
Songs from the Big Chair Shout
90%
The Hurting Mad World
88%
Songs from the Big Chair Head Over Heels
83%
The Hurting Pale Shelter
79%
The Seeds of Love Sowing the Seeds of Love
76%
The Hurting The Hurting
74%
Songs from the Big Chair Mothers Talk
71%
Songs from the Big Chair Broken
67%
The Hurting Change
64%
Songs from the Big Chair Listen
64%
Songs from the Big Chair The Working Hour
64%
Songs from the Big Chair I Believe
62%
The Seeds of Love Woman In Chains
62%
The Seeds of Love Advice for the Young at Heart
60%
Raoul and the Kings of Spain Raoul and the Kings of Spain
57%
The Hurting Suffer The Children
55%
The Tipping Point The Tipping Point
55%
Elemental Elemental
52%
The Seeds of Love Badman's Song
50%
The Hurting Watch Me Bleed
48%
Elemental Break It Down Again
45%
The Hurting Ideas as Opiates
45%
The Hurting Memories Fade
45%
The Tipping Point My Demons
45%
The Hurting Start of the Breakdown
45%
The Tipping Point Break The Man
43%
Everybody Loves a Happy Ending Everybody Loves a Happy Ending
43%
Saturnine Martial and Lunatic | Songs from the Big Chair B-Sides The Big Chair
43%
Everybody Loves a Happy Ending Closest Thing to Heaven
40%
Elemental Cold
40%
Elemental Goodnight Song
40%
The Seeds of Love Swords And Knives
40%
Saturnine Martial and Lunatic | The Seeds of Love B-Sides Tears Roll Down
40%
The Hurting The Prisoner
40%
Saturnine Martial and Lunatic The Way You Are
40%
The Seeds of Love Year Of The Knife
40%
Everybody Loves a Happy Ending Secret World
38%
Songs For A Nervous Planet The Girl that I Call Home
38%
Songs For A Nervous Planet Astronaut
36%
The Tipping Point Long, Long, Long Time
36%
The Tipping Point No Small Thing
36%
The Seeds of Love Standing On The Corner Of The Third World
36%
Elemental Fish Out Of Water
33%
Songs For A Nervous Planet Say Goodbye to Mum and Dad
33%
Elemental Brian Wilson Said
31%
The Seeds of Love Famous Last Words
29%
Elemental Gas Giants
29%
Rule The World Greatest Hits I Love You But I'm Lost
29%
The Tipping Point Rivers Of Mercy
29%
Saturnine Martial and Lunatic | Songs from the Big Chair B-Sides Sea Song
29%
Songs For A Nervous Planet Emily Said
26%
Saturnine Martial and Lunatic | Songs from the Big Chair B-Sides Empire Building
26%
Raoul and the Kings of Spain God's Mistake
26%
Everybody Loves a Happy Ending Ladybird
26%
Elemental Power
26%
Everybody Loves a Happy Ending Who Killed Tangerine
26%
Everybody Loves a Happy Ending Call Me Mellow
24%
Elemental Dog's A Best Friend's Dog
24%
The Tipping Point End Of Night
24%
The Tipping Point Master Plan
24%
Elemental Mr. Pessimist
24%
The Tipping Point Stay
24%
Saturnine Martial and Lunatic | Songs from the Big Chair B-Sides Pharaohs
21%
The Tipping Point Please Be Happy
21%
Raoul and the Kings of Spain Sorry
21%
Everybody Loves a Happy Ending The Devil
21%
Saturnine Martial and Lunatic | Songs from the Big Chair B-Sides When In Love With A Blind Man
21%
Saturnine Martial and Lunatic Ashes To Ashes
19%
Raoul and the Kings of Spain Falling Down
19%
Saturnine Martial and Lunatic | The Seeds of Love B-Sides Johnny Panic and the Bible of Dreams
19%
Everybody Loves a Happy Ending Last Days on Earth
19%
Raoul and the Kings of Spain Secrets
19%
Everybody Loves a Happy Ending Size of Sorrow
19%
Raoul and the Kings of Spain Humdrum and Humble
17%
Everybody Loves a Happy Ending Killing With Kindness
17%
Saturnine Martial and Lunatic | The Seeds of Love B-Sides My Life in the Suicide Ranks
17%
Saturnine Martial and Lunatic The Marauders
17%
Everybody Loves a Happy Ending Who You Are
17%
Raoul and the Kings of Spain Don't Drink The Water
14%
Raoul and the Kings of Spain Me and My Big Ideas
14%
Raoul and the Kings of Spain (B-Sides) Queen of Compromise
14%
Elemental B-Sides | Saturnine Martial and Lunatic Schrodinger's Cat
14%
Raoul and the Kings of Spain Sketches of Pain
14%
Raoul and the Kings of Spain (B-Sides) The Madness of Roland
14%
Raoul and the Kings of Spain (B-Sides) Until I Drown
14%
The Hurting B-Sides We Are Broken
14%
Saturnine Martial and Lunatic | The Seeds of Love B-Sides Always In The Past
12%
Raoul and the Kings of Spain Los Reyes Catolicos
12%
The Seeds of Love B-Sides Music For Tables
12%
Elemental B-Sides | Saturnine Martial and Lunatic New Star
12%
Everybody Loves a Happy Ending Quiet Ones
12%
The Hurting B-Sides The Conflict
12%
The Hurting B-Sides Wino
12%
Raoul and the Kings of Spain (B-Sides) All of the Angels
10%
Elemental B-Sides | Saturnine Martial and Lunatic Bloodletting Go
10%
The Tipping Point Bonus Let It All Evolve
10%
Raoul and the Kings of Spain Los Reyes Catolicos (Reprise)
10%
Elemental B-Sides | Saturnine Martial and Lunatic Deja-Vu and the Sins of Science
7%
Secret World (Live in Paris) Floating Down the River
7%
Raoul and the Kings of Spain I Choose You
7%
Tears Roll Down (Greatest Hits 82-92) Laid So Low (Tears Roll Down)
7%
Saturnine Martial and Lunatic | Tears Roll Down (Greatest Hits 82-92) B-Sides Lord Of Karma
7%
The Tipping Point Bonus Shame (Cry Heaven)
7%
Saturnine Martial and Lunatic | Tears Roll Down (Greatest Hits 82-92) B-Sides The Body Wah
7%
Raoul and the Kings of Spain (B-Sides) War of Attrition
7%
Everybody Loves a Happy Ending Bonus Out Of Control
5%
Everybody Loves a Happy Ending Bonus Pullin' a Cloud
5%
The Tipping Point Bonus Secret Location
5%
No matching quizzes found
Score Distribution
Percent of People with Each Score
Percentile by Number Answered
Your Score History
You have not taken this quiz